[Event "Basel Hilton op 15th"]
[Site "Basel"]
[Date "2013.01.04"]
[Round "6"]
[White "Michaelis, Nico"]
[Black "Ditzler, Juerg"]
[Result "1-0"]
[WhiteElo "2165"]
[BlackElo "2038"]
[PlyCount "51"]
[EventDate "2013.01.01"]
[EventType "swiss"]
[EventRounds "7"]
[EventCountry "SUI"]
[SourceTitle "CBM 152 Extra"]
[Source "ChessBase"]
[SourceDate "2013.02.25"]
[SourceVersion "1"]
[SourceVersionDate "2013.02.25"]
[SourceQuality "1"]

1. d4 g6 2. c4 Bg7 3. Nc3 d6 4. e4 Nd7 5. Be3 e5 6. d5 Ne7 7. Qd2 0-0 8. g4 Nc5 9. f3 f5 10. gxf5 gxf5 11. 0-0-0 Ng6 12. h4 fxe4 13. h5 Nf4 14. Nxe4 Nxe4 15. fxe4 Bg4 16. h6 Bh8 17. Be2 Bxe2 18. Nxe2 Ng6 19. Ng3 Rf4 20. Rdf1 Qf6 21. Bxf4 exf4 22. Nh5 Qd4 23. Nxf4 Qxc4+ 24. Qc2 Qxa2 25. Nxg6 hxg6 26. h7+ 1-0

[Event "Nord West Cup"]
[Site "Germany"]
[Date "1999.02.04"]
[Round "1"]
[White "Lanka, Zigurds"]
[Black "Michaelis, Nico"]
[Result "1-0"]
[WhiteElo "2521"]
[BlackElo "2145"]
[PlyCount "25"]
[EventDate "1999.??.??"]
[EventType "swiss"]
[EventRounds "6"]
[EventCountry "GER"]
[SourceTitle "EXT 2002"]
[Source "ChessBase"]
[SourceDate "2001.11.25"]
[SourceVersion "1"]
[SourceVersionDate "2001.11.25"]
[SourceQuality "1"]

1. e4 d5 2. exd5 Qxd5 3. Nc3 Qd6 4. d4 Nf6 5. Bc4 a6 6. Nf3 e6 7. 0-0 b5 8. Bb3 Bb7 9. Re1 Be7 10. Bg5 0-0 11. Qe2 Nbd7 12. d5 Nxd5 13. Bxd5 1-0

[Event "Oberstdorf Tiefenbach op"]
[Site "Oberstdorf"]
[Date "1999.??.??"]
[Round "?"]
[White "Michaelis, Nico"]
[Black "Jolowicz, Matias"]
[Result "1/2-1/2"]
[WhiteElo "1940"]
[BlackElo "2275"]
[PlyCount "55"]
[EventDate "1999.??.??"]
[EventType "swiss"]
[EventRounds "9"]
[EventCountry "GER"]
[SourceTitle "EXT 2001"]
[Source "ChessBase"]
[SourceDate "2000.11.22"]
[SourceVersion "1"]
[SourceVersionDate "2000.11.22"]
[SourceQuality "1"]

1. d4 Nf6 2. c4 g6 3. Nc3 Bg7 4. e4 d6 5. f3 c5 6. dxc5 dxc5 7. Qxd8+ Kxd8 8. Be3 Nfd7 9. Nge2 Nc6 10. 0-0-0 b6 11. f4 Kc7 12. g3 Bh6 13. Bg2 Bb7 14. Nb5+ Kc8 15. Bh3 Rd8 16. Nbc3 Nce5 17. b3 f5 18. Nd5 Bxd5 19. Rxd5 e6 20. Rd6 Nf8 21. Rxd8+ Kxd8 22. Rd1+ Ke7 23. exf5 exf5 24. Nc3 Nc6 25. Bg2 Rc8 26. Re1 Kd8 27. Rd1+ Ke7 28. Re1 1/2-1/2

[Event "Oberstdorf Tiefenbach op"]
[Site "Oberstdorf"]
[Date "1999.??.??"]
[Round "?"]
[White "Michaelis, Nico"]
[Black "Pleyer, Felix"]
[Result "1-0"]
[WhiteElo "1940"]
[BlackElo "2170"]
[PlyCount "53"]
[EventDate "1999.??.??"]
[EventType "swiss"]
[EventRounds "9"]
[EventCountry "GER"]
[SourceTitle "EXT 2001"]
[Source "ChessBase"]
[SourceDate "2000.11.22"]
[SourceVersion "1"]
[SourceVersionDate "2000.11.22"]
[SourceQuality "1"]

1. d4 c5 2. c3 b6 3. Nf3 Bb7 4. Bf4 e6 5. e3 Nf6 6. h3 Be7 7. Nbd2 0-0 8. Bd3 d5 9. 0-0 Ne4 10. Qc2 f5 11. Bxb8 Rxb8 12. Ne5 Bd6 13. f4 Nxd2 14. Qxd2 Bxe5 15. fxe5 Qg5 16. Qf2 Qh6 17. h4 g6 18. Qf4 Qg7 19. g4 fxg4 20. Qxg4 Bc8 21. Rxf8+ Kxf8 22. Rf1+ Kg8 23. Rf6 Qh6 24. Bxg6 Qxe3+ 25. Kf1 Qc1+ 26. Ke2 Bd7 27. Be8+ 1-0

[Event "Oberstdorf Tiefenbach op"]
[Site "Oberstdorf"]
[Date "1999.??.??"]
[Round "?"]
[White "Moser, Wolfgang"]
[Black "Michaelis, Nico"]
[Result "1/2-1/2"]
[WhiteElo "2075"]
[BlackElo "1940"]
[PlyCount "90"]
[EventDate "1999.??.??"]
[EventType "swiss"]
[EventRounds "9"]
[EventCountry "GER"]
[SourceTitle "EXT 2001"]
[Source "ChessBase"]
[SourceDate "2000.11.22"]
[SourceVersion "1"]
[SourceVersionDate "2000.11.22"]
[SourceQuality "1"]

1. e4 d5 2. exd5 Qxd5 3. Nc3 Qd6 4. d4 Nf6 5. Nf3 a6 6. Be2 e6 7. 0-0 Be7 8. Qd3 Nbd7 9. Bg5 b5 10. Ne4 Nxe4 11. Qxe4 Rb8 12. Bf4 Bb7 13. Bxd6 Bxe4 14. Bxe7 Kxe7 15. Nd2 Bxc2 16. Rfc1 Bg6 17. Rxc7 Rhc8 18. Rac1 Kd8 19. R7c6 Rxc6 20. Rxc6 Rb6 21. Bf3 Rxc6 22. Bxc6 Nb8 23. Be4 Bxe4 24. Nxe4 Nc6 25. f3 Nxd4 26. Nc5 a5 27. Kf2 Kc7 28. Ke3 Nc2+ 29. Ke4 Nb4 30. a3 Nc6 31. f4 Ne7 32. Nb3 Kb6 33. Nd4 Nf5 34. Nxf5 exf5+ 35. Kd5 a4 36. Kd6 b4 37. Kd5 Kb5 38. Kd4 f6 39. g3 g5 40. Kd5 bxa3 41. bxa3 h6 42. h4 g4 43. Kd4 Kb6 44. Kc4 Kc6 45. Kd4 Kd6 1/2-1/2